000 00687nam a2200265Ia 4500
003 OSt
005 20220912144914.0
006 a|||||r|||| 00| 0
007 ta
008 220909b |||||||| |||| 00| 0 eng d
024 _a70454
037 _cTextual
040 _aCSL
_beng
_cCSL
041 _aeng
082 _aB36M3, L2
100 _aSimadar C G
245 0 _aOn dirichlet's boundary value problem
260 _aBerlin
_bSpringer-Verlag
_c1900
300 _aiv, 238p.
_ccm.
490 _aLecture note in mathematics; 268
650 _a Analysis
650 _aMathematics
942 _hB36M3, L2
_cTEXL
_2CC
999 _c18798
_d18798